| 000 | 01044nam a22002417a 4500 | ||
|---|---|---|---|
| 001 | 77512 | ||
| 003 | BD-RjUL | ||
| 005 | 20211209082959.0 | ||
| 008 | 201012s2019 bg ||||| |||| 00| 0 ben d | ||
| 020 | _a9789843470423 | ||
| 035 | _a(BD-RjUL)77737 | ||
| 040 |
_aBD-RjUL _beng _cBD-RjUL |
||
| 041 | _aeng | ||
| 082 |
_222 _a091 _bAGA 2019 |
||
| 245 |
_aআগম শাহাদাৎনামা সির্নামা / _cসম্পাদনা সৈয়দা ফরিদা পারভীন ও সিরাজুল ইসলাম |
||
| 260 |
_aঢাকা : _bঢাকা বিশ্ববিদ্যালয় গ্রন্থাগার, _c২০১৯ |
||
| 300 |
_a২৪০ পৃ . ; _c২২ সেমি. |
||
| 650 |
_aManuscripts _9241818 |
||
| 650 |
_vপাণ্ডুলিপি _9242239 |
||
| 700 |
_aপারভীন, সৈয়দা ফরিদা _eসম্পাদনা _9242240 |
||
| 700 |
_aইসলাম, সিরাজুল _eসম্পাদনা _9242241 |
||
| 942 |
_2ddc _cBK |
||
| 999 |
_c77512 _d77512 |
||